000 00651nam a2200205 i 4500
001 130170
003 ES-MaACL
005 20231027063025.0
007 t|
008 070723s1947 sp ||||1| spa d
100 1 _aZweig, Stefan,
_d1881-1942
_9118562
245 1 3 _aEl mundo de ayer /
_cStefan Zweig ; [traducción directa del alemán por Alfredo Cahn].
260 _aBarcelona :
_bHispano-Americana de Ediciones,
_c[1947]
300 _a407 p. ;
_c19 cm.
490 1 _aColección Cumbre
700 1 _aCahn, Alfredo.
_933446
830 0 _aColección Cumbre
_9181369
852 _aES-MaACL
_jC-4533
_bR.24298
999 _c130170
_d130170